| 000 | 00000nam##2200000za#4500 |
| 001 | 9.695200 |
| 003 | CaOODSP |
| 005 | 20210624234452 |
| 007 | cr ||||||||||| |
| 008 | 150407|2001||||xxc|||||o f|0| 0 eng|d |
| 040 | |aCaOODSP|beng |
| 043 | |an-cn--- |
| 086 | 1 |aC2-589/2001E-PDF |
| 110 | 1 |aCanada. |bIndustry Canada. |
| 245 | 10|aImproving the regulation of genetically modified foods and other novel foods in Canada : |h[electronic resource]|binterim report to the Government of Canada Biotechnology Ministerial Coordinating Committee / |c[by the] Canadian Biotechnology Advisory Committee. |
| 260 | |aOttawa - Ontario : |bIndustry Canada |cAugust 2001. |
| 300 | |a72p.|bglossary, references, tables |
| 500 | |aThe catalogue number (C2-589/2001) and ISBN (0-662-65989-9) for the bilingual print edition have been incorrectly copied in this electronic publication. |
| 504 | |aBibliography. |
| 590 | |a11-28-Supp|b2011-11-17 |
| 690 | 07|aAgri-food industry|2gcpds |
| 690 | 07|aGenetic engineering|2gcpds |
| 690 | 07|aRegulations|2gcpds |
| 775 | 08|tAméliorer la réglementation des aliments génétiquement modifiés et des autres aliments nouveaux au Canada : |w(CaOODSP)9.639346 |
| 776 | 0#|tImproving the regulation of genetically modified foods and other novel foods in Canada : |w(CaOODSP)9.663101 |
| 776 | 0#|tAméliorer la réglementation des aliments génétiquement modifiés et des autres aliments nouveaux au Canada : |w(CaOODSP)9.663102 |
| 856 | 40|ahttp://publications.gc.ca|qPDF|s214 KB|uhttps://publications.gc.ca/collections/Collection/C2-589-2001E.pdf |